000 00262nam a2200109Ia 4500
005 20251222114417.0
008 251222s1900||||xx |||||||||||||| ||spa||
082 _aDVD0040/B25/1999
245 0 _aY si te vi no me acuerdo
264 _bCasablanca Films
942 _cDVD
999 _c2262
_d2262